La mesa: (Record no. 16119)

MARC details
000 -LEADER
fixed length control field 02162nam a2200373Ii 4500
001 - CONTROL NUMBER
control field sky281747665
003 - CONTROL NUMBER IDENTIFIER
control field SKY
005 - DATE AND TIME OF LATEST TRANSACTION
control field 20161013155722.0
008 - FIXED-LENGTH DATA ELEMENTS--GENERAL INFORMATION
fixed length control field 160226s2016 tnu 000 0cspa d
020 ## - INTERNATIONAL STANDARD BOOK NUMBER
International Standard Book Number 9780718078911
020 ## - INTERNATIONAL STANDARD BOOK NUMBER
International Standard Book Number 0718078918
040 ## - CATALOGING SOURCE
Original cataloging agency BTCTA
Language of cataloging eng
Description conventions rda
Transcribing agency BTCTA
Modifying agency YDXCP
-- NBO
-- CGP
-- NPC
-- BDX
-- OCLCO
-- BKL
-- CoBoFLC
082 04 - DEWEY DECIMAL CLASSIFICATION NUMBER
Classification number 304.8/7300922
Edition number 23
100 1# - MAIN ENTRY--PERSONAL NAME
Personal name Krauze, León
245 13 - TITLE STATEMENT
Title La mesa:
Remainder of title historias de nuestra gente /
Statement of responsibility, etc. León Krauze ; prólogo por Jorge Ramos.
260 ## - PUBLICATION, DISTRIBUTION, ETC. (IMPRINT)
Place of publication, distribution, etc. Nashville, Tennessee :
Name of publisher, distributor, etc. HarperCollins Español,
Date of publication, distribution, etc. c2016.
264 #1 - PRODUCTION, PUBLICATION, DISTRIBUTION, MANUFACTURE, AND COPYRIGHT NOTICE
Place of production, publication, distribution, manufacture Nashville, Tennessee :
Name of producer, publisher, distributor, manufacturer HarperCollins Español,
Date of production, publication, distribution, manufacture, or copyright notice [2016]
264 #4 - PRODUCTION, PUBLICATION, DISTRIBUTION, MANUFACTURE, AND COPYRIGHT NOTICE
Date of production, publication, distribution, manufacture, or copyright notice c2016.
300 ## - PHYSICAL DESCRIPTION
Extent xxi, 248 pages ;
Dimensions 23 cm.
336 ## - CONTENT TYPE
Content type term text
Source rdacontent.
337 ## - MEDIA TYPE
Media type term unmediated
Source rdamedia.
338 ## - CARRIER TYPE
Carrier type term volume
Source rdacarrier.
505 0# - FORMATTED CONTENTS NOTE
Formatted contents note Padres ausentes -- Madres heroicas -- Cicatrices de la distancia -- Raíces en una nueva tierra -- Hijos de dos culturas -- La conquista del norte.
520 ## - SUMMARY, ETC.
Summary, etc. "En La mesa, el renombrado periodista León Krauze presenta un mosaico memorable: cincuenta historias que retratan la experiencia del inmigrante en Estados Unidos y la lucha por alcanzar una vida mejor."--cubierta de libro.
520 ## - SUMMARY, ETC.
Summary, etc. In this book, the renowned Mexican journalist, León Krauze presents a charming Mosaic: fifty stories of people, fifty lives that portray the experience of migrating to the United States and the battle to achieve a better life. Inspired by conversations, spontaneous and candid, in the successful television segment 'La Mesa,' which has broken ratings on Univisión records, Krauze revives the tales of those who have had the courage to emigrate, leaving behind not only part of their hearts, but sometimes their entire lives.
546 ## - LANGUAGE NOTE
Language note Texto en español.
650 #0 - SUBJECT ADDED ENTRY--TOPICAL TERM
Topical term or geographic name as entry element Immigrants
Geographic subdivision United States
Form subdivision Biography.
651 #0 - SUBJECT ADDED ENTRY--GEOGRAPHIC NAME
Geographic name United States
General subdivision Emigration and immigration
-- History.
651 #0 - SUBJECT ADDED ENTRY--GEOGRAPHIC NAME
Geographic name United States
General subdivision Emigration and immigration
Form subdivision Biography.
655 #7 - INDEX TERM--GENRE/FORM
Genre/form data or focus term Spanish language materials.
Source of term local.
655 #7 - INDEX TERM--GENRE/FORM
Genre/form data or focus term Materiales en español.
Source of term local.
655 #7 - INDEX TERM--GENRE/FORM
Genre/form data or focus term Inmigrantes
Geographic subdivision Estados Unidos
Form subdivision Biografía.
Source of term bidex.
942 ## - ADDED ENTRY ELEMENTS (KOHA)
Koha item type Libro/Book
Source of classification or shelving scheme Dewey Decimal Classification
Holdings
Withdrawn status Lost status Damaged status Not for loan Home library Current library Shelving location Date acquired Inventory number Total Checkouts Full call number Barcode Date last seen Date checked out Price effective from Koha item type
        San Juan Del Sur -- Biblioteca San Juan Del Sur -- Biblioteca General Stacks 09/08/2016 Inventory date: 15-5-25 1 BIO 30024219 29/01/2019 21/01/2019 09/08/2016 Libro/Book

Powered by Koha